| 000 | 01305nam a2200373 i 4500 | ||
|---|---|---|---|
| 003 | DO-SdBNP | ||
| 005 | 20250624153937.0 | ||
| 007 | ta | ||
| 008 | 230418b2010 dr ||||| |||| 00| f spa d | ||
| 020 | _a9789945429107 | ||
| 040 |
_aDO-SdBNP _bspa _cBNPHU _erda |
||
| 041 | 1 | 7 |
_aspa _eeng |
| 082 | 4 |
_aRD863.5 _bD542b, 2010 _222 |
|
| 100 | 1 |
_aDíaz, Junot _d1968- _eautor _974981 _4aut. |
|
| 240 | 1 | 4 |
_aThe brief wondrous life of Oscar Wao _lEspañol |
| 245 | 1 | 3 |
_aLa breve y maravillosa vida de Óscar Wao / _cJunot Díaz, traductor Achy Obejas. |
| 250 | _aSegunda edición | ||
| 264 | 1 |
_aSanto Domingo : _bGrupo Santillana _c2010. |
|
| 300 |
_a350 páginas ; _c23 cm |
||
| 336 |
_atexto _btxt _2rdacontent |
||
| 337 |
_asin mediación _bn _2rdamedia |
||
| 338 |
_avolumen _bnc _2rdacarrier |
||
| 490 | _aAlfaguara | ||
| 500 | _aIncluye referencias bibliográficas y notas al pie de las páginas. | ||
| 500 | _aGlosario: página 346-350. | ||
| 500 | _aIncluye datos biográficos del autor en la solapa de la cubierta. | ||
| 586 | _aPremio Pulitzer de Novela | ||
| 590 | _aInventariado / 2017 VM | ||
| 650 | 4 |
_aNovela dominicana _9223 |
|
| 650 | 4 | _aLiteratura dominicana. | |
| 700 | 1 |
_aObejas, Achy, _etraductor _955766 _4tr. |
|
| 910 | _aValidado. Control de calidad EMS | ||
| 942 |
_2ddc _cLBS1 |
||
| 999 |
_c53299 _d53299 |
||